2023 : Les 30 personnalités préférées des enfants - Statistiques

Statistiques générales
  • Ce quiz a été pris 592 fois
  • Le résultat moyen est 16 sur 30
Statistiques - réponses
Place Indice 1 Indice 2 Prénom et nom % Correct
3 KM Footballeur Kyllan Mbappé
90%
12 ZZ Entraineur Zinédine Zidane
88%
6 TP Astronaute Thomas Pesquet
86%
9 B & O Chanteurs Bigflo & Oli
83%
5 AG Footballeur Antoine Griezmann
80%
1 OG Footballeur Olivier Giroud
80%
24 DD Sélectionneur Didier Deschamps
78%
11 EA Magicien Eric Antoine
74%
2 HL Footballeur Hugo Lloris
69%
26 PE Cuisinier Philippe Etchebest
67%
4 S Chanteur Soprano
62%
8 OS Acteur Omar Sy
60%
7 M Vidéaste Michou
57%
23 KB Footballeur Karim Benzema
56%
25 V Chanteur Vianney
56%
30 J Chanteur Jul
53%
18 CL Cuisinier Cyril Lignac
50%
15 S Chanteur Slimane
48%
20 L Actrice/chanteuse Louane
46%
14 A Chanteuse Angèle
42%
17 KG Chanteur Kendji Girac
38%
16 G Chanteur Gims
35%
27 MP Chanteur M Pokora
33%
28 AB Chanteuse Amel Bent
30%
13 D Chanteur Dadju
25%
29 MM Actrice Mimie Mathy
23%
21 ES Humoriste Elie Semoun
21%
22 JD Chanteur Julien Doré
21%
19 S Chanteur Stromae
20%
10 JG Animateur Jamy Gourmaud
2%
Aucun quiz correspondant
Distribution des résultats
% des personnes avec chaque résultat
Percentile par nombre de réponses
Votre historique - résultats
Vous n’avez pas pris ce quiz